[Event "33rd Leon Blitz Open 2020"]
[Site "chess.com INT"]
[Date "2020.07.14"]
[Round "9"]
[White "Anton Guijarro, David"]
[Black "Kobalia, Mikhail"]
[Result "0-1"]
[WhiteTitle "GM"]
[BlackTitle "GM"]
[WhiteElo "2703"]
[BlackElo "2614"]
[WhiteFideId "2285525"]
[BlackFideId "4119150"]
[EventDate "2020.07.14"]
[EventType "blitz"]

1. e4 c6 2. Nc3 d5 3. d3 g6 4. Nf3 Bg7 5. Bf4 Qb6 6. Qc1 Bg4 7. Be2 dxe4 8. dxe4
Nf6 9. O-O O-O 10. h3 Bxf3 11. Bxf3 Nfd7 12. Rd1 Ne5 13. Be2 a5 14. Be3 Qc7 15.
f4 Ned7 16. e5 Na6 17. Ne4 f6 18. e6 Nb6 19. f5 Nd5 20. Bxa6 Rxa6 21. Nc5 Raa8
22. Bf2 gxf5 23. Nd3 Rad8 24. a3 f4 25. c4 Ne3 26. Bxe3 fxe3 27. Qxe3 f5 28. Kh1
Rd4 29. Nc5 Qd6 30. Rxd4 Bxd4 31. Qg5+ Kh8 32. Nd7 Rg8 33. Qxf5 Bxb2 34. Rb1 Bd4
35. Rd1 Qg3 36. Qf3 Qxf3 37. gxf3 c5 38. Rb1 Rg6 39. Rxb7 Rxe6 40. Rb5 Re3 41.
Kg2 Rxa3 42. Nxc5 Bxc5 43. Rxc5 Kg7 44. Kg3 Ra1 45. Kf4 a4 46. Ra5 a3 47. Ke5
Kf7 48. c5 a2 49. Kf4 Ke6 50. Ra6+ Kd5 51. c6 Kd6 52. Kf5 h5 53. h4 Kc7 54. Kf4
e5+ 55. Kf5 e4 56. fxe4 Rf1+ 57. Kg6 a1=Q 58. Rxa1 Rxa1 59. Kxh5 Kxc6 60. Kg6
Rg1+ 61. Kf6 Rh1 62. Kg5 Kd6 63. h5 Ke6 64. Kg6 Rg1+ 65. Kh7 Kf7 66. h6 Ra1 67.
e5 Ra6 0-1

[Event "33rd Leon Blitz Open 2020"]
[Site "chess.com INT"]
[Date "2020.07.14"]
[Round "9"]
[White "Melian, Juan Sebastian"]
[Black "Gurevich, Dmitry"]
[Result "1-0"]
[WhiteTitle "CM"]
[BlackTitle "GM"]
[WhiteElo "1950"]
[BlackElo "2399"]
[WhiteFideId "3706575"]
[BlackFideId "2000407"]
[EventDate "2020.07.14"]
[EventType "blitz"]

1. d4 Nf6 2. Nf3 e6 3. c3 c5 4. Bg5 h6 5. Bh4 d5 6. e3 Nc6 7. Bd3 Be7 8. O-O O-O
9. Nbd2 b6 10. Ne5 Nxe5 11. dxe5 Nd7 12. Bxe7 Qxe7 13. f4 Bb7 14. Qe2 f6 15.
exf6 Rxf6 16. e4 Raf8 17. exd5 Bxd5 18. Be4 Bxe4 19. Qxe4 Qd6 20. Nc4 Qd5 21.
Rae1 b5 22. Ne5 Nxe5 23. Qxe5 a5 24. g3 a4 25. Qxd5 exd5 26. Re7 R8f7 27. Re8+
Rf8 28. Re7 R6f7 29. Re6 a3 30. b3 Rd7 31. Rd1 d4 32. cxd4 cxd4 33. Kf2 Rc8 34.
Rd2 Kf7 35. Re4 Rcd8 36. Ke2 Kf6 37. Kd3 Rd5 38. Rc2 Kf5 39. h3 h5 40. Rc7 Kf6
41. Rc6+ Kf7 42. Rc7+ Kf6 43. Ree7 h4 44. g4 Rf8 45. Rxg7 Rdd8 46. Rh7 Kg6 47.
Rhg7+ Kf6 48. Rgd7 Rxd7 49. Rxd7 Rc8 50. Rxd4 Ke6 51. Re4+ Kd5 52. Re5+ Kc6 53.
Kc3 Rd8 54. Kb4 Rd3 55. Rc5+ Kd6 56. Rxb5 Rxh3 57. Rh5 Rf3 58. Rxh4 Rxf4+ 59.
Kxa3 Kc5 60. Rh5+ Kd4 61. Rb5 Kc3 62. Rc5+ Kd3 63. Rc4 Rf8 64. g5 Rg8 65. Rg4
Ra8+ 66. Kb2 Ke3 67. a4 Kf3 68. Rg1 Kf2 69. Rc1 Ra5 70. g6 1-0

[Event "33rd Leon Blitz Open 2020"]
[Site "chess.com INT"]
[Date "2020.07.14"]
[Round "9"]
[White "Holt, Conrad"]
[Black "Antipov, Mikhail Al."]
[Result "0-1"]
[WhiteTitle "GM"]
[BlackTitle "GM"]
[WhiteElo "2549"]
[BlackElo "2584"]
[WhiteFideId "2034387"]
[BlackFideId "4107012"]
[EventDate "2020.07.14"]
[EventType "blitz"]

1. d4 Nf6 2. c4 g6 3. Nc3 d5 4. e3 Bg7 5. Qb3 e6 6. Qa3 c6 7. Nf3 a5 8. b3 Na6
9. Be2 Ne4 10. Qb2 O-O 11. O-O Nxc3 12. Qxc3 Nc5 13. Ba3 Ne4 14. Qc2 Re8 15. Bd3
Nf6 16. Rad1 Bd7 17. Ne5 Qb8 18. Rfe1 a4 19. bxa4 Qa7 20. Rb1 Qxa4 21. Rb3 Bc8
22. Ra1 Qa5 23. Bc5 Qc7 24. a4 Nd7 25. Nxd7 Qxd7 26. cxd5 exd5 27. h3 h5 28. a5
Qd8 29. Bb4 Qg5 30. Kh1 Re6 31. Be1 Bf8 32. Rb6 Qd8 33. Rab1 Qc7 34. R6b2 Bd6
35. Ra2 Be7 36. Rba1 Ra7 37. a6 b6 38. Rc1 c5 39. Bb5 c4 40. Bc3 f5 41. Re1 Bd6
42. Rb1 Qd8 43. Qd1 Bc7 44. Qf3 h4 45. Kg1 Qd6 46. Kf1 Kh7 47. Bb4 Qd8 48. Bd2
Re4 49. Ke1 Bd7 50. Kd1 Bxb5 51. Rxb5 Qd7 52. Rb1 Qc6 53. Bb4 b5 54. Rba1 Bd6
55. Bxd6 Qxd6 56. Qe2 b4 57. Ra5 Re6 58. Qa2 b3 59. Qd2 Qh2 60. Kc1 Rc6 61. Qc3
Qg1+ 62. Kb2 Qxf2+ 63. Ka3 Rcxa6 64. Rxa6 Rxa6+ 65. Kb4 Rxa1 66. Qxa1 Qa2 67.
Qe1 g5 68. e4 b2 69. Kc5 b1=Q 70. Qe3 Qa5+ 71. Kd6 Qb8+ 72. Ke6 Qab6+ 73. Kxf5
Qc8+ 74. Ke5 Qbe6# 0-1

[Event "33rd Leon Blitz Open 2020"]
[Site "chess.com INT"]
[Date "2020.07.14"]
[Round "9"]
[White "Baches Garcia, Guillermo"]
[Black "Munkhzul, Turmunkh"]
[Result "1-0"]
[WhiteTitle "IM"]
[BlackTitle "WIM"]
[WhiteElo "2329"]
[BlackElo "2278"]
[WhiteFideId "2209764"]
[BlackFideId "4901878"]
[EventDate "2020.07.14"]
[EventType "blitz"]

1. e4 c5 2. Nf3 d6 3. d4 cxd4 4. Nxd4 Nf6 5. Nc3 a6 6. Be2 e5 7. Nf3 Be7 8. Bg5
Nbd7 9. O-O h6 10. Be3 Ng4 11. Bc1 Ngf6 12. Be3 O-O 13. a4 Ng4 14. Bc1 Ngf6 15.
Be3 b6 16. Nd2 Bb7 17. Bf3 Nc5 18. Re1 Rc8 19. h3 Qc7 20. Qb1 Rfd8 21. Qa2 Qd7
22. Rad1 Qe6 23. Nd5 Nxd5 24. exd5 Qg6 25. b4 Nd7 26. Nc4 b5 27. axb5 axb5 28.
Na3 f5 29. Nxb5 f4 30. Bxf4 Qxc2 31. Qxc2 Rxc2 32. Nd4 Rb2 33. Nc6 Bxc6 34. dxc6
Nb6 35. Be3 Rxb4 36. Bg4 Nc8 37. c7 Rf8 38. Rb1 d5 39. Be6+ Kh7 40. Bxd5 Rxb1
41. Rxb1 Bd6 42. Rc1 Re8 43. Rc6 Re7 44. Rxd6 Nxd6 45. Bc5 Rxc7 46. Bxd6 Rc1+
47. Kh2 g6 48. Be4 Re1 49. f3 h5 50. Bxe5 Kh6 51. h4 Re2 52. Kg3 Re1 53. Kf4 Rh1
54. Bf6 Re1 55. g3 Rf1 56. Ke5 Re1 57. Bg5+ Kg7 58. Bf6+ Kh6 59. Bg5+ Kg7 60.
Bf4 Rg1 61. Ke6 Re1 62. Be5+ Kh6 63. Kf7 Rf1 64. Bg7+ 1-0

[Event "33rd Leon Blitz Open 2020"]
[Site "chess.com INT"]
[Date "2020.07.14"]
[Round "9"]
[White "Ortega Amarelle, Mariano"]
[Black "Pon, Matt"]
[Result "1-0"]
[WhiteTitle "IM"]
[BlackTitle "FM"]
[WhiteElo "2458"]
[BlackElo "2185"]
[WhiteFideId "3504301"]
[BlackFideId "14301644"]
[EventDate "2020.07.14"]
[EventType "blitz"]

1. e4 e6 2. d4 d5 3. Nc3 Bb4 4. Ne2 c5 5. a3 Bxc3+ 6. Nxc3 Nf6 7. dxc5 d4 8. Nb5
O-O 9. Qxd4 Qxd4 10. Nxd4 Nxe4 11. b4 e5 12. Nf3 a5 13. Bb2 f6 14. Bc4+ Kh8 15.
Bd5 f5 16. Nxe5 axb4 17. axb4 Rxa1+ 18. Bxa1 Na6 19. Nf7+ Kg8 20. Nd6+ Kh8 21.
Nxc8 Nxb4 22. Nd6 Nxd5 23. Nxe4 fxe4 24. O-O Rc8 25. Bd4 Nb4 26. c3 Nd3 27. Rb1
Nxc5 28. Bxc5 Rxc5 29. Rxb7 h6 30. Rb3 Rd5 31. Kf1 Rd2 32. Rb4 Rc2 33. Rxe4 Rxc3
34. h4 Kg8 35. g3 Kf7 36. Kg2 Kg6 37. Rf4 Ra3 38. Rf3 Ra1 39. Rb3 Ra4 40. Kf3
Rc4 41. Re3 Ra4 42. Re4 Ra2 43. Ke3 Ra3+ 44. Kf4 Ra2 45. f3 Kf6 46. h5 Ra5 47.
g4 Rb5 48. Rc4 Ra5 49. Rc6+ Kf7 50. Rd6 Rb5 51. Ke4 Ra5 52. Rd5 Ra4+ 53. Kf5 Ra6
54. Rd7+ Kf8 55. f4 Rf6+ 56. Ke5 Ra6 57. Rd6 Ra1 58. Kf5 Kf7 59. Rd7+ Kg8 60.
Re7 Ra4 61. g5 Ra5+ 62. Re5 Ra6 63. Re6 Ra5+ 64. Kg6 Kf8 65. gxh6 gxh6 66. f5
Rb5 67. Ra6 Rb1 68. Ra8+ Ke7 69. f6+ Ke6 70. Re8+ Kd7 71. f7 Rg1+ 72. Kxh6 Re1
73. f8=Q Rxe8 74. Qxe8+ Kxe8 75. Kg7 1-0

[Event "33rd Leon Blitz Open 2020"]
[Site "chess.com INT"]
[Date "2020.07.14"]
[Round "9"]
[White "Mekhitarian, Krikor Sevag"]
[Black "Koellner, Ruben Gideon"]
[Result "1-0"]
[WhiteTitle "GM"]
[BlackTitle "FM"]
[WhiteElo "2554"]
[BlackElo "2376"]
[WhiteFideId "2107660"]
[BlackFideId "12993093"]
[EventDate "2020.07.14"]
[EventType "blitz"]

1. e4 d6 2. d4 Nf6 3. Nc3 e5 4. Nf3 Nbd7 5. Bc4 Be7 6. O-O c6 7. a4 O-O 8. Re1
b6 9. h3 a6 10. Ba2 Rb8 11. Be3 b5 12. axb5 axb5 13. b4 Qc7 14. Bb3 Nb6 15. Qd3
Bd7 16. dxe5 dxe5 17. Bc5 Bxc5 18. bxc5 Nc4 19. Bxc4 bxc4 20. Qd6 Qxd6 21. cxd6
Rfe8 22. Ra5 Rb2 23. Re2 Rd8 24. Nxe5 Ne8 25. Nxc4 Rb4 26. Ne5 f6 27. Nxd7 Rxd7
28. Ra8 Kf7 29. e5 fxe5 30. Rxe5 Nxd6 31. Rc5 Rc4 32. Rxc4 Nxc4 33. Rc8 Rd6 34.
Ne4 Rd1+ 35. Kh2 Re1 36. Ng5+ Kg6 37. Nf3 Re6 38. Nd4 Rd6 39. Rxc6 Rxc6 40. Nxc6
Kf6 41. Kg3 Kf5 42. Kf3 Na3 43. Nb4 Nc4 44. Ke2 Ke4 45. c3 Na3 46. f3+ Ke5 47.
Kd3 Kf4 48. Nc2 Nb5 49. c4 Nc7 50. Ne3 Kg3 51. Ke4 Kf2 52. c5 Ne6 53. c6 Nc5+
54. Kd5 Na6 55. Nf5 Kxg2 56. Nxg7 Kxf3 57. Ne6 Kg3 58. Kc4 Nb8 59. c7 Nd7 60.
Kb5 Ne5 61. c8=Q Kxh3 62. Nd4+ Ng4 63. Qf5 Kh4 64. Qxh7+ Kg5 65. Qf5+ Kh4 66.
Qf4 Kh3 67. Nf5 Kg2 68. Qxg4+ Kh1 69. Qe2 Kg1 70. Kc4 1-0

[Event "33rd Leon Blitz Open 2020"]
[Site "chess.com INT"]
[Date "2020.07.14"]
[Round "9"]
[White "Timofeev, Artyom"]
[Black "Bartel, Mateusz"]
[Result "1-0"]
[WhiteTitle "GM"]
[BlackTitle "GM"]
[WhiteElo "2580"]
[BlackElo "2648"]
[WhiteFideId "4140419"]
[BlackFideId "1112635"]
[EventDate "2020.07.14"]
[EventType "blitz"]

1. c4 e6 2. Nf3 Nf6 3. e3 b6 4. b3 Bb7 5. Bb2 g6 6. d3 Bg7 7. Nbd2 O-O 8. Be2 a5
9. O-O d6 10. Qc2 e5 11. a3 c5 12. Ne4 Nc6 13. Nfd2 h5 14. Bf3 Ng4 15. Nc3 f5
16. Nd5 Rf7 17. b4 Kh7 18. Bc3 Ne7 19. bxa5 Nxd5 20. Bxd5 Bxd5 21. cxd5 bxa5 22.
h3 Nf6 23. e4 h4 24. Nf3 Nh5 25. Bd2 Bh6 26. Bxh6 Kxh6 27. Qd2+ f4 28. Rfb1 g5
29. Nh2 Nf6 30. f3 Rb8 31. Qc2 Rfb7 32. Rxb7 Rxb7 33. Rb1 Qb8 34. Rxb7 Qxb7 35.
Nf1 Qb6 36. Kh2 Nh5 37. Nd2 c4 38. Nxc4 Qc5 39. Qd1 Ng3 40. Qg1 Qb5 41. Qb6 Qa4
42. Nxe5 Qxa3 43. Qxd6+ Qxd6 44. Nf7+ Kg6 45. Nxd6 a4 46. Nc4 Ne2 47. e5 Kf7 48.
Kh1 Nc3 49. d6 Ke6 50. Kg1 Nb5 51. d7 Ke7 52. e6 Nd4 53. Nb6 Nxe6 54. Nxa4 Kxd7
55. Kf2 Kd6 56. Ke2 Nd4+ 57. Kd2 Nf5 58. Nc3 Ne3 59. Ne4+ Ke5 60. Nxg5 Nxg2 61.
Kc3 Ne3 62. d4+ Kf5 63. Ne4 Ke6 64. Kd3 Kf5 65. Nd6+ Ke6 66. Nc4 Nd1 67. Ke2
Nc3+ 68. Kd2 Nd5 69. Kd3 Nf6 70. Ne5 Kf5 71. Kc4 Nh7 72. Nd3 Ng5 73. d5 Nxf3 74.
d6 Ng5 75. Kd5 Nf7 76. d7 f3 77. Ne5 f2 78. Nxf7 f1=Q 79. d8=Q Qd3+ 80. Kc5 Qc3+
81. Kd6 Qd4+ 82. Ke7 Qf6+ 83. Ke8 Qe6+ 84. Kf8 1-0

[Event "33rd Leon Blitz Open 2020"]
[Site "chess.com INT"]
[Date "2020.07.14"]
[Round "9"]
[White "Perez Molina, Robinson"]
[Black "Vantika, Agrawal"]
[Result "1/2-1/2"]
[WhiteTitle "FM"]
[BlackTitle "WIM"]
[WhiteElo "2240"]
[BlackElo "2286"]
[WhiteFideId "3403882"]
[BlackFideId "25050389"]
[EventDate "2020.07.14"]
[EventType "blitz"]

1. Nf3 d5 2. d4 Nf6 3. c4 e6 4. Nc3 Be7 5. Bg5 h6 6. Bxf6 Bxf6 7. e3 O-O 8. Qc2
b6 9. O-O-O Bb7 10. cxd5 exd5 11. g4 c5 12. h4 cxd4 13. Nxd4 Nc6 14. g5 Bxd4 15.
exd4 h5 16. Bg2 Qd6 17. a3 Ne7 18. Kb1 Rac8 19. Qd3 Ng6 20. Qg3 Qxg3 21. fxg3
Ne7 22. Rhe1 Nf5 23. Rd3 Rce8 24. Rxe8 Rxe8 25. Bxd5 Bxd5 26. Nxd5 Re4 27. Nf4
Nxd4 28. Nxh5 Kh7 29. Nf4 Nf5 30. Nd5 Rg4 31. Nb4 Nxg3 32. Nc6 Nf5 33. Nxa7 Nxh4
34. Rd7 Kg6 35. Rd6+ Kxg5 36. Rxb6 f5 37. Nc6 f4 38. Ne5 Rg1+ 39. Ka2 Kf5 40.
Rb5 Ke4 41. a4 f3 42. Nxf3 Nxf3 43. a5 Rg6 44. b4 Ra6 45. Rb8 g5 46. Kb3 g4 47.
Rg8 Kf4 48. Ka4 g3 49. b5 Re6 50. b6 Re4+ 51. Ka3 Re3+ 52. Kb2 Re5 53. Kc3 Rb5
54. Kc4 Rb1 55. a6 Rxb6 56. a7 Ne5+ 57. Kd5 Rb5+ 58. Kd6 Nc4+ 59. Kc6 Ra5 60.
a8=Q Rxa8 61. Rxa8 g2 62. Ra1 Ne5+ 63. Kd5 Nf3 64. Kc4 Ke3 65. Ra3+ Kf2 66. Ra1
Nd2+ 67. Kd3 Nf1 68. Ra2+ Kf3 69. Rxg2 Kxg2 1/2-1/2

[Event "33rd Leon Blitz Open 2020"]
[Site "chess.com INT"]
[Date "2020.07.14"]
[Round "9"]
[White "Ogloblin, Nikolay"]
[Black "Trickov, Vasil"]
[Result "1/2-1/2"]
[WhiteTitle "IM"]
[BlackTitle "IM"]
[WhiteElo "2346"]
[BlackElo "2302"]
[WhiteFideId "4139658"]
[BlackFideId "311103"]
[EventDate "2020.07.14"]
[EventType "blitz"]

1. d4 d5 2. Nf3 Nf6 3. c4 c6 4. e3 Bf5 5. Nc3 e6 6. Nh4 Bg4 7. Qb3 Qb6 8. h3 Bh5
9. g4 Bg6 10. Nxg6 hxg6 11. Bg2 Nbd7 12. g5 Ng8 13. cxd5 exd5 14. Qc2 Bb4 15.
Bd2 Ne7 16. O-O-O Nf5 17. Kb1 Nh4 18. Bf1 O-O 19. Be2 Rfe8 20. Be1 Nf8 21. Rg1
Ne6 22. Rg4 Nf5 23. Bd3 Nd6 24. h4 a5 25. f4 Nf8 26. Rg3 Bxc3 27. Bxc3 Ne4 28.
Rh3 Re7 29. h5 Rae8 30. Rdh1 Nxc3+ 31. Qxc3 Rxe3 32. hxg6 Rxh3 33. gxf7+ Kxf7
34. Rxh3 Qb4 35. Qxb4 axb4 36. Kc2 Ne6 37. Kd2 Nxd4 38. f5 Re5 39. f6 gxf6 40.
g6+ Ke6 41. Rg3 Rg5 42. Re3+ Kd6 43. Re8 f5 44. Rf8 Rxg6 45. Ke3 Kc5 46. a3 Rg3+
47. Kd2 Rg2+ 48. Ke3 Rg3+ 49. Kd2 bxa3 50. bxa3 b5 51. Rf6 Nb3+ 52. Kc2 Na5 53.
Bxf5 Kd4 54. Bd7 Rg2+ 55. Kd1 Rb2 56. Bxc6 Nxc6 57. Rxc6 Rb3 58. Ra6 Kd3 59. Kc1
d4 60. a4 b4 61. Rh6 Ra3 62. Ra6 Ke2 63. Re6+ Kd3 64. Ra6 Kc3 65. Rc6+ Kb3 66.
Rd6 Kc4 67. Rc6+ Kb3 68. Rd6 Ra1+ 69. Kd2 Ra2+ 70. Kc1 Kxa4 71. Rxd4 Ka3 72. Kb1
Rh2 73. Rd1 b3 74. Re1 Rb2+ 75. Ka1 Ra2+ 76. Kb1 Rd2 77. Rf1 Re2 78. Rg1 Kb4 79.
Rg8 Kc3 80. Rc8+ Kb4 81. Rb8+ Kc3 82. Rc8+ Kd3 83. Rb8 Kc3 84. Rc8+ 1/2-1/2

[Event "33rd Leon Blitz Open 2020"]
[Site "chess.com INT"]
[Date "2020.07.14"]
[Round "9"]
[White "Svane, Frederik"]
[Black "Skliarov, Viktor"]
[Result "0-1"]
[WhiteTitle "FM"]
[BlackTitle "IM"]
[WhiteElo "2421"]
[BlackElo "2376"]
[WhiteFideId "12923044"]
[BlackFideId "14106736"]
[EventDate "2020.07.14"]
[EventType "blitz"]

1. e4 c5 2. Nc3 Nc6 3. Nge2 Nf6 4. g3 g6 5. Bg2 Bg7 6. O-O O-O 7. d3 d6 8. h3
Nd4 9. Nxd4 cxd4 10. Ne2 Nd7 11. f4 b6 12. g4 Bb7 13. Ng3 Rc8 14. Rf2 Rc5 15.
Bd2 Qc7 16. Bb4 Rb5 17. Ba3 Rc8 18. Qd2 Nc5 19. Raf1 Na4 20. b3 Nc3 21. f5 Rf8
22. Bb2 Nxa2 23. f6 exf6 24. Bxd4 d5 25. c3 Qxg3 26. Qxa2 dxe4 27. dxe4 Bxe4 28.
Qe2 Bd3 29. Qe7 Bxf1 30. Rxf1 Rxb3 31. Qe2 Rxc3 32. Bxc3 Qxc3 33. Kh1 a5 34. Rd1
Bh6 35. Rd7 Bf4 36. Qf1 Qg3 37. Kg1 Qh2+ 38. Kf2 Bg3+ 39. Kf3 Bd6 40. Kf2 Bc5+
41. Ke2 Re8+ 42. Kd3 Qe5 43. Kc4 Bf8 44. Bd5 Re7 45. Rxe7 Bxe7 46. Qf3 a4 47.
Kb5 a3 48. Qb3 Kg7 49. Kxb6 Qd4+ 50. Kb5 Qc5+ 51. Ka4 Qa7+ 52. Kb5 Bf8 53. Kc4
Qc5+ 54. Kd3 Qd6 55. Qb7 Qe7 56. Qxe7 Bxe7 57. Ke4 Bd6 58. Ba2 Bg3 59. Bb3 Kf8
60. Kf3 Be1 61. Ke2 Bb4 62. Kf3 Ke7 63. h4 f5 64. gxf5 gxf5 65. Kf4 Kf6 66. h5
h6 67. Kf3 Bd6 68. Ba2 Bc7 69. Bb3 Be5 70. Ba2 Bb2 71. Bb3 Bc1 72. Ba2 Ke5 73.
Bxf7 Kd4 74. Ke2 Kc3 75. Kd1 Kb2 76. Be6 Bg5 77. Ke2 a2 78. Bxa2 Kxa2 79. Kd3
Kb3 80. Kd4 Kc2 81. Ke5 f4 82. Ke4 Kd2 83. Kf3 Kd3 84. Kf2 Ke4 85. Kg2 Ke3 86.
Kf1 Kf3 87. Kg1 Ke2 88. Kg2 f3+ 89. Kg3 f2 90. Kh2 f1=Q 91. Kg3 Qf3+ 92. Kh2 Qg4
93. Kh1 Kf2 94. Kh2 Qh4# 0-1

[Event "33rd Leon Blitz Open 2020"]
[Site "chess.com INT"]
[Date "2020.07.14"]
[Round "9"]
[White "Diaz, Conrado"]
[Black "Manukian, Artak"]
[Result "1/2-1/2"]
[WhiteElo "2273"]
[BlackElo "2196"]
[WhiteFideId "5207304"]
[BlackFideId "13301373"]
[EventDate "2020.07.14"]
[EventType "blitz"]

1. d4 Nf6 2. Nf3 c5 3. c3 e6 4. Bg5 h6 5. Bh4 Qb6 6. Qb3 Qxb3 7. axb3 g5 8. Bg3
d5 9. Bxb8 Rxb8 10. Rxa7 g4 11. Ne5 cxd4 12. cxd4 Bb4+ 13. Kd1 Ne4 14. Nd3 Bd6
15. f3 gxf3 16. gxf3 Nf6 17. Nc3 Bd7 18. e4 dxe4 19. fxe4 Ng4 20. Kd2 h5 21. h3
Nh6 22. Be2 Ng8 23. e5 Be7 24. Rg1 Kf8 25. Bf3 Bc8 26. b4 Nh6 27. Be4 Nf5 28.
Bxf5 exf5 29. b5 Rg8 30. Rxg8+ Kxg8 31. Nf4 h4 32. Ncd5 Bd8 33. Kd3 Bd7 34. Nc3
Bg5 35. Nfd5 f4 36. Ra1 Kh8 37. Rf1 Bxh3 38. Rg1 Bd8 39. Nxf4 Bf5+ 40. Ke3 Rc8
41. Rh1 Rc4 42. Ng2 Bg5+ 43. Nf4 Kg7 44. Rg1 Kh6 45. Ne4 Bxe4 46. Kxe4 Bxf4 47.
Kxf4 Rxd4+ 48. Kf5 Rb4 49. Rg8 Kh7 50. Rg5 Rxb2 51. Rh5+ Kg7 52. Rxh4 Rxb5 53.
Rc4 Rb1 54. Rg4+ Kf8 55. Rc4 b5 56. Rc7 b4 57. Rb7 b3 58. Kf6 Rf1+ 59. Kg5 Rf3
60. Kg4 Rc3 61. Kf4 Kg7 62. e6 b2 63. Rxf7+ Kg6 64. Rb7 Rc2 65. Ke5 Re2+ 66. Kd6
Kf6 67. Rf7+ Kg6 68. Rf1 Rd2+ 69. Ke7 Re2 70. Kd7 Rf2 71. Rd1 Rd2+ 72. Rxd2 b1=Q
73. Rd6 Qb5+ 74. Ke7 Qc5 75. Kd7 Qb5+ 76. Kc7 Kf6 77. Rc6 Ke7 78. Rb6 Qc5+ 79.
Kb7 Qd5+ 80. Ka7 Qa2+ 81. Kb7 Qf2 82. Ka6 Qc5 83. Kb7 Qd5+ 84. Ka7 Qd4 85. Ka6
Qe4 86. Kb5 Qa8 87. Rc6 Qb8+ 88. Kc5 Qd8 89. Kb5 Qb8+ 90. Kc5 Qe5+ 91. Kb6 Qb8+
92. Kc5 1/2-1/2

[Event "33rd Leon Blitz Open 2020"]
[Site "chess.com INT"]
[Date "2020.07.14"]
[Round "9"]
[White "Vovk, Orest"]
[Black "Chan, Yi Ren Daniel"]
[Result "1/2-1/2"]
[WhiteTitle "FM"]
[BlackTitle "FM"]
[WhiteElo "2315"]
[BlackElo "2316"]
[WhiteFideId "14113490"]
[BlackFideId "5801583"]
[EventDate "2020.07.14"]
[EventType "blitz"]

1. e4 d6 2. d4 Nf6 3. f3 e5 4. dxe5 dxe5 5. Qxd8+ Kxd8 6. Bg5 Nd7 7. Nc3 c6 8.
O-O-O Kc7 9. Bc4 Bb4 10. Nge2 Rf8 11. a3 Bd6 12. Rd2 h6 13. Bh4 b5 14. Ba2 Bc5
15. Kb1 a5 16. Bg3 b4 17. Na4 Be3 18. Rd3 Ba7 19. axb4 axb4 20. Bc4 Nh5 21. Bh4
g5 22. Be1 Rb8 23. h4 Nf4 24. Nxf4 gxf4 25. g3 fxg3 26. Bxg3 Rg8 27. Bh2 Rg7 28.
Rxd7+ Kxd7 29. Bxe5 Rg2 30. Bxb8 Bxb8 31. Nb6+ Kc7 32. Nxc8 Kxc8 33. Bxf7 Rf2
34. Bh5 Be5 35. Bg4+ Kc7 36. Rd1 b3 37. Rc1 Kb6 38. h5 c5 39. Be6 Rxf3 40. Bxb3
Rf4 41. Re1 Kb5 42. Bd5 c4 43. Rg1 Rh4 44. Rg8 Rxh5 45. Rc8 c3 46. bxc3 Rh3 47.
Kb2 h5 48. Kb3 h4 49. Bc4+ Kb6 50. Bd3 Rh1 51. Re8 Bc7 52. e5 h3 53. e6 h2 54.
Be4 Re1 55. Ba8 Rb1+ 56. Kc4 h1=Q 57. Bxh1 Rxh1 58. e7 Re1 59. Kd5 Re5+ 60. Kd4
Kc6 61. c4 Re1 62. c5 Kd7 63. Ra8 Rxe7 64. Kc4 Re1 65. Kb5 Rb1+ 66. Kc4 Rh1 67.
Rg8 Rh6 68. Rg7+ Kc6 69. Rg4 Rf6 70. Rh4 Bb8 71. Rg4 Ba7 72. Rg8 Rf4+ 73. Kb3
Bxc5 74. Rc8+ Kb5 75. Rg8 Rf3+ 76. c3 Bb6 77. Rc8 Rf1 78. Rg8 Rb1+ 79. Kc2 Rh1
80. Kb3 Rh5 81. Rg4 Ba5 82. Rg8 Rh3 83. Rc8 Bb6 84. Rg8 Bc5 85. Rb8+ Kc6 86.
Rc8+ Kd6 87. Rd8+ Kc7 88. Rd5 Kc6 89. Rd8 Rh1 90. Rc8+ Kb6 91. Rb8+ Kc7 92. Rg8
Rb1+ 93. Kc4 Bd6 94. Rg7+ Kc6 95. Rg8 Rh1 96. Rc8+ Kd7 97. Rg8 Rh3 98. Rg7+ Kc6
99. Rg6 Rh4+ 100. Kb3 Kd5 101. Rg8 Ke4 102. Re8+ Be5 103. Rc8 Rh3 104. Rc4+ Kd3
105. Rc5 Re3 106. Rd5+ Ke2 107. Rc5 Bg7 108. Rc7 Bd4 109. Rc4 Be5 110. Rc8 Kd2
111. Rd8+ Kc1 112. Rc8 Rf3 113. Rc5 Re3 114. Rc8 Rd3 115. Rc5 Bg7 116. Rc7 Be5
117. Rc5 Bf4 118. Rc4 Be3 119. Rc8 Kd2 120. Kb4 Kc2 121. c4 Bd2+ 122. Kb5 Rb3+
123. Kc6 Kc3 124. Kd5 Be3 125. c5 Rb5 126. Kd6 Kc4 127. c6 Rb6 128. Kd7 Bf4 129.
Rf8 Be5 130. Rf5 Kd5 131. c7 Rd6+ 132. Ke7 Rc6 133. Kd8 Ke6 134. Rxe5+ Kxe5 135.
c8=Q Rxc8+ 136. Kxc8 1/2-1/2

[Event "33rd Leon Blitz Open 2020"]
[Site "chess.com INT"]
[Date "2020.07.14"]
[Round "10"]
[White "Adhiban, Baskaran"]
[Black "Timofeev, Artyom"]
[Result "1-0"]
[WhiteTitle "GM"]
[BlackTitle "GM"]
[WhiteElo "2659"]
[BlackElo "2580"]
[WhiteFideId "5018471"]
[BlackFideId "4140419"]
[EventDate "2020.07.14"]
[EventType "blitz"]

1. e4 d5 2. exd5 Qxd5 3. Nc3 Qd8 4. d4 g6 5. Bc4 Nh6 6. Nf3 Nf5 7. h4 Bg7 8. Be3
Nxe3 9. fxe3 h6 10. h5 g5 11. Qd3 Nd7 12. O-O-O Nb6 13. Bb3 a5 14. a3 e6 15. Kb1
c6 16. e4 O-O 17. e5 Nd5 18. Ne4 Nf4 19. Qd2 b5 20. g3 Nd5 21. Nfxg5 hxg5 22. h6
a4 23. hxg7 Kxg7 24. Nf6 1-0

[Event "33rd Leon Blitz Open 2020"]
[Site "chess.com INT"]
[Date "2020.07.14"]
[Round "10"]
[White "Gabrielian, Artur"]
[Black "Mikhalevski, Victor"]
[Result "1-0"]
[WhiteTitle "GM"]
[BlackTitle "GM"]
[WhiteElo "2463"]
[BlackElo "2565"]
[WhiteFideId "4131002"]
[BlackFideId "2801914"]
[EventDate "2020.07.14"]
[EventType "blitz"]

1. e4 e5 2. Nc3 Nf6 3. g3 Bc5 4. Bg2 d6 5. Nge2 Nc6 6. d3 a6 7. O-O O-O 8. h3
Be6 9. Kh2 d5 10. f4 dxe4 11. fxe5 exd3 12. exf6 dxe2 13. Qxe2 Nd4 14. Qh5 gxf6
15. Qxc5 Nxc2 16. Rb1 Qd4 17. Qxd4 Nxd4 18. Bf4 c6 19. Rbd1 Rad8 20. Ne4 Kg7 21.
Bc7 Rd7 22. Bd6 1-0

[Event "33rd Leon Blitz Open 2020"]
[Site "chess.com INT"]
[Date "2020.07.14"]
[Round "10"]
[White "Le Goff, Ronan"]
[Black "Nguyen, Hong Nhung"]
[Result "0-1"]
[WhiteTitle "FM"]
[BlackTitle "WCM"]
[WhiteElo "2267"]
[BlackElo "1697"]
[WhiteFideId "612073"]
[BlackFideId "12412201"]
[EventDate "2020.07.14"]
[EventType "blitz"]

1. d4 Nf6 2. Nf3 g6 3. Nc3 Bg7 4. e4 d6 5. h3 O-O 6. Be3 Nbd7 7. Qd2 e5 8. dxe5
dxe5 9. O-O-O Qe7 10. Bh6 Nc5 11. Bxg7 Kxg7 12. Nd5 Nxd5 13. exd5 b6 14. Be2 Bb7
15. Rhe1 Rad8 16. c4 Ne4 17. Qe3 f5 18. Bd3 Rde8 19. Bxe4 fxe4 20. Qxe4 Qc5 21.
Qc2 e4 22. Rxe4 Rxe4 23. Qxe4 Qxf2 24. Qe5+ Kg8 25. Qe6+ Kg7 26. Rd2 Qf1+ 27.
Qe1 Qxc4+ 28. Rc2 Qf4+ 29. Kb1 Bxd5 30. Re2 Bxf3 31. Re7+ Rf7 32. gxf3 Qxf3 33.
Qc3+ Qxc3 0-1

[Event "33rd Leon Blitz Open 2020"]
[Site "chess.com INT"]
[Date "2020.07.14"]
[Round "10"]
[White "Prohorov, Olexandr"]
[Black "Guzman, Christopher"]
[Result "1-0"]
[WhiteTitle "FM"]
[BlackTitle "FM"]
[WhiteElo "2086"]
[BlackElo "2258"]
[WhiteFideId "14105578"]
[BlackFideId "6405096"]
[EventDate "2020.07.14"]
[EventType "blitz"]

1. e4 c6 2. d4 d5 3. Nc3 dxe4 4. Nxe4 Nf6 5. Nxf6+ exf6 6. Nf3 Bd6 7. Bd3 O-O 8.
O-O Na6 9. c4 Re8 10. a3 Bg4 11. h3 Bh5 12. Be3 Nc7 13. b4 a5 14. Rb1 axb4 15.
axb4 Ra3 16. Be2 b5 17. cxb5 Nxb5 18. Rc1 Qd7 19. Qd2 Rb8 20. Kh1 Bf8 21. Rfd1
Rba8 22. d5 cxd5 23. Qxd5 Qxd5 24. Rxd5 Nd6 25. Bf4 Bxf3 26. Bxf3 Ne8 27. Rd7
Bxb4 28. Bxa8 Rxa8 29. Rb1 Bf8 30. Rbb7 Nd6 31. Bxd6 1-0